01305nam a22002057a 4500003000500000005001700005008004100022020001500063050002800078100002200106245003700128250001600165260004500181300002400226505009000250520057900340650007700919650007100996700003201067SISC20180131110022.0180130b xxu||||| |||| 00| 0 eng d a9715081657 aPS 9993 .B68b.U63 2002 aBose, Lilledeshan aUna & Miguel /cLilledeshan Bose a2nd edition aQuezon City:bAdarna House, Inc.,c2002. a107 pages ;c20 cm. aIncludes the story, Lia and Camille by Lilledeshan Bose and Sunantha Mendoza-Quibilan aUna and Miguel are total opposites! He's the village heartthrob, part of the good-looking "in" crowd while Una is popular for the wrong reasons. She writes songs, plays the harmonica, wears a hemp anklet, and has equally eccentric friends -- not all the type of girl Miguel and his friends go for. They call her and her friends outcasts. For these two, love is truly a long shot. But when they're forced to work together as a punishment for a prank-gone-wrong, they find that falling in love might not be so impossible after all. Will opposites attract? Or will they repel? 2Library of Congress Subject HeadingsaLove stories, Philippine (English) 2Library of Congress Subject HeadingsaPhilippine fiction (English) aQuibilan, Sunantha Mendoza